| 000 | 003700000a22001210004500 | ||
|---|---|---|---|
| 090 |
_aAS _bSeriadas |
||
| 245 | 1 | 0 |
_aArtrópodos, sistema y conservación _sun compromiso para el próximo siglo |
| 041 | 0 | _aEspañol | |
| 700 | 1 |
_aEscobar S., Federico _998040 |
|
| 100 | 1 |
_aFernández, Fernando _91456 |
|
| 942 | _cARTICULO | ||
| 773 | 1 |
_tInnovación y Ciencia _h1 _q28-33 _d1997 _g6 |
|
| 999 |
_c15911 _d15911 |
||